Hotel Revue Wochenzeitung für Hotellerie und Tourismus

Na minha lista:
Detalhes bibliográficos
Formato: Periódico
Idioma:alemão
Publicado em: Bern Schweizer Hotelier-Verein 1980
Tags: Adicionar Tag
Sem tags, seja o primeiro a adicionar uma tag!

MARC

LEADER 00000nas2a2200000 4500
001 s123589
005 20250730114221.6
041 0 |a ger 
044 |a CH 
245 1 0 |a Hotel Revue  |b Wochenzeitung für Hotellerie und Tourismus 
264 1 |a Bern  |b Schweizer Hotelier-Verein  |c 1980 
300 |a 4 zv. 
773 0 |w eu_un_cat*s123590